000 01261nam a2200265 a 4500
003 OSt
005 20240906114559.0
007 cr ||||||a|c|a
008 230523s2019 mx a|||fom||| 001 0 spa d
040 _erda
100 1 _aValencia Anastacio, Juventina
_9187144
245 1 0 _aCaracterización de las propiedades físico-mecánicas de semillas de cacao (Theobroma cacao L.), del estado de Oaxaca /
_cpor Juventina Valencia Anastacio; director de tesis Carlos Alberto Villaseñor Perea.
264 1 _aChapingo, México :
_bEl autor,
_c2019.
300 _a1 recurso en línea (71 páginas):
_btablas, cuadros, ilustraciones.
336 _2rdacontent
_atexto
_btxt
337 _2rdamedia
_acomputadora
_bc
338 _2rdacarrier
_arecurso en línea
_bcr
502 _bIMAg
_cMecánica
_d2019.
_gLIC
504 _aIncluye referencias bibliográficas: páginas 67-71.
650 4 _9187145
_aSemillas de cacao
_xPropiedades mecánicas
650 4 _9157141
_aSemillas de cacao
_xPropiedades fisicoquímicas
700 1 _aVillaseñor Perea, Carlos Alberto
_eDirector de tesis.
_9119699
856 _uhttp://10.13.5.2/tesis/tl/TESIS_THEOBROMA_CACAO_JUVENTINA_VALENCIA_ANASTASIO_2019.pdf
_zDESCARGAR PDF
942 _2Clasificación Universidad Autónoma Chapingo
_cTD
999 _c218805
_d218805